00390nam a22001337a 4500003000400000005001700004008004100021040001200062082002800074100003700102245007100139260003800210300000800248OSt20260429133504.0260429b |||||||| |||| 00| 0 eng d cDonated 21sta658/SanbSBPIMD301 aसाने गुरुजी  aसोनसाखळी व इतर कथाhमराठी  aKolhapurbRiya Publicationsc2011 a208